1670 1577 1104 1218 1376 1265 1287 1623 1565 1170 1327 1810 1747 1506 1559 1936 1216 1747 1688 1261 1660 1804 1037 1572 1672 1216 1099 1975 1869 1944 1192 1657 1392 1730 1369 1143 1517 1977 1374 1157 1290 1045 1400 1236 1500 1696 1060 1101 1757 1532 1822 1154 1624 1894 1680 1043 1424 1360 1108 1092 1777 1300 1142 1290 1231 1024 1498 1392 1310 1119 1336 1960 1250 1584 1916 1966 1466 1530 1667 1507 1642 1953 1710 1262 1630 1009 1543 1727 1287 1151 1989 1897 1383 1062 1247 1950 1099 1029 1246 BCNSPRNW ULIB Ver.6.0+V

เปลี่ยนเป็นภาษาไทย

Change to English
 แสดงรายละเอียดบรรณานุกรม
  กลับหน้าหลัก

Brief Record : Get Marc (ISO 2709) : E-mail record : QR code < ปิดหน้าต่าง
LEADER : 00000nam 2200000uu 4500
001    13399111216
003     ULIB
008    110620s||||||||th 000 0 tha d
020    9742729875
050 04 BF637.58^bพ45พ 2548
100 0  พระเทพโสภณ (ประยูร ธมฺมจิตโต),^d2498-
245 10 พลังกรรมและการเกิดใหม่ /^cพระเทพโสภณ (ประยูร ธมฺมจิตโต)
250    พิมพ์ครั้งที่ 1
260    กรุงเทพฯ :^bอมรินทร์,^c2548
300    133 หน้า ;^c17 ซม
650  7 กรรม
650  7 การเกิดใหม่
650  7 ธรรมะ
650  7 พุทธศาสนากับสังคม
945    ^p100^l0^i017841
995    ทศพร
999 ^a ใช้งานได้ทุกระบบ
รายการนี้ยังไม่มีแท็ก
คุณยังไม่ได้ล็อกอิน คุณสามารถมีกิจกรรมร่วมกับเว็บไซต์ได้ แต่ต้องล็อกอินก่อน ::
  ล็อกอิน

รายการสื่อสารสนเทศ

ลำดับที่ ประเภท เลขเรียก/บาร์โค้ด สถานที่ สถานะ
- ไม่พบข้อมูล -

รายการใกล้เคียง
    หัวเรื่อง [กรรม]
    หัวเรื่อง [ธรรมะ]
    หัวเรื่อง [พุทธศาสนากับสังคม]

BibComment


ยังไม่เคยถูกคอมเมนท์

คอมเมนท์ทรัพยากรรายการนี้
  คอมเมนท์: พลังกรรมและการเกิ..


 Copyright 2026. Bcnsprnw @Library